000 00319nam a22001217a 4500
008 250312b |||||||| |||| 00| 0 eng d
020 _a0340705302
050 _aHD 9000
_b.C68
100 _aCousins John
245 _aLearning About Food and Beverage Service
260 _aEngland
_bHodder & Stoughton
_c1998
942 _cBK
999 _c2268
_d2268